000 01138nam a2200229Ia 4500
003 Ost
005 20260507075104.0
008 260507s9999||||xx |||||||||||||| ||und||
020 _a65509961
040 _cfsecg
041 _aara
082 _a330
100 _aكساب، على
_eمؤلف
245 0 _aالنظرية الإقتصادية :
_bالتحليل الجزئي /
_c على كساب
250 _aطبعة 3
260 _aالجزائر:
_bديوان المطبوعات الجامعية,
_c2009
300 _a471 صفحة؛
_bإيضاحات ؛
_c24 سم
520 _aتذكرة رياضية- المحددات والمعادلات الآنية- التوابع- المعادلات التفاضلية- معادلات الفروق- نظرية الطلب والعرض- نظرية السلوك المستهلك- نظرية سلوك المنتج- السوق والتوزان المنتج -تسعير عوامل الإنتاجية التوازن العام واقتصاد الرفاهية- دوال الانتاج الخطية .
653 _aالإقتصاد
653 _aالإقتصاد الجزئي
942 _cكتاب
999 _c42814
_d42814